[Event "45th Olympiad 2024"]
[Site "Budapest HUN"]
[Date "2024.09.16"]
[Round "6.13"]
[Board "3"]
[White "Vasquez Schroeder, Rodrigo"]
[Black "Indjic, Aleksandar"]
[Result "0-1"]
[WhiteTitle "GM"]
[BlackTitle "GM"]
[WhiteElo "2457"]
[BlackElo "2611"]
[WhiteTeam "Chile"]
[BlackTeam "Serbia"]
[WhiteFideId "3400042"]
[BlackFideId "911925"]
[EventDate "2024.09.11"]

1. e4 e5 2. Nf3 Nc6 3. Bc4 Nf6 4. d3 h6 5. c3 d6 6. a4 g5 7. a5 a6 8. Qb3 Qe7 9.
Nbd2 Rb8 10. Nf1 Be6 11. Ne3 Qd7 12. h4 g4 13. Nh2 h5 14. Nd5 Bg7 15. Nf1 Bxd5
16. exd5 Ne7 17. Bxa6 Qc8 18. Bc4 O-O 19. Bg5 b5 20. axb6 Rxb6 21. Qd1 Nexd5 22.
Ng3 Nf4 23. O-O Nh7 24. Bxf4 exf4 25. Nxh5 Qf5 26. Ra5 Be5 27. d4 Qxh5 28. dxe5
Qxh4 29. e6 c5 30. e7 Re8 31. Qd2 Rxe7 32. Re1 Rxb2 0-1

[Event "45th Olympiad 2024"]
[Site "Budapest HUN"]
[Date "2024.09.16"]
[Round "6.13"]
[Board "4"]
[White "Markus, Robert"]
[Black "Marrujo Pardo, Mauricio Emmanuel"]
[Result "1-0"]
[WhiteTitle "GM"]
[BlackTitle "FM"]
[WhiteElo "2586"]
[BlackElo "2332"]
[WhiteTeam "Serbia"]
[BlackTeam "Chile"]
[WhiteFideId "921637"]
[BlackFideId "3943755"]
[EventDate "2024.09.11"]

1. d4 d5 2. c4 dxc4 3. e3 e6 4. Bxc4 Nf6 5. Qe2 c5 6. Nf3 a6 7. dxc5 Bxc5 8. O-O
b5 9. Bd3 O-O 10. Nbd2 Nc6 11. Ne4 Qd5 12. Nxf6+ gxf6 13. Rd1 Qh5 14. a4 b4 15.
b3 Bb7 16. Bb2 Kg7 17. Be4 Qg4 18. Qc2 Nd4 19. Rxd4 Bxd4 20. Bxb7 Bxb2 21. Qxb2
Ra7 22. Bc6 Rc7 23. Rc1 Rfc8 24. Rc4 Qf5 25. e4 Qf4 26. Qc2 Qd6 27. Nd4 Rd8 28.
g3 Qe5 29. Nf3 Qa1+ 30. Kg2 Rdc8 31. e5 f5 32. Qd2 h6 33. Rh4 Rh8 34. Qd6 Rcc8
35. Qe7 Rxc6 36. Ng5 1-0

[Event "45th Olympiad 2024"]
[Site "Budapest HUN"]
[Date "2024.09.16"]
[Round "6.14"]
[Board "1"]
[White "Sadorra, Julio Catalino"]
[Black "Martirosyan, Haik M."]
[Result "1-0"]
[WhiteTitle "GM"]
[BlackTitle "GM"]
[WhiteElo "2542"]
[BlackElo "2667"]
[WhiteTeam "Philippines"]
[BlackTeam "Armenia"]
[WhiteFideId "5201268"]
[BlackFideId "13306553"]
[EventDate "2024.09.11"]

1. d4 Nf6 2. c4 e6 3. Nc3 Bb4 4. e3 O-O 5. Bd2 c5 6. a3 Bxc3 7. Bxc3 Ne4 8. Ne2
b6 9. d5 Ba6 10. b3 b5 11. Qc2 exd5 12. cxd5 Nxc3 13. Qxc3 d6 14. Ng3 g6 15. Be2
Re8 16. Qd2 Nd7 17. e4 h5 18. h4 c4 19. Qf4 Re5 20. bxc4 bxc4 21. O-O Rc8 22.
Rfc1 Qe7 23. Rab1 Nb6 24. Rb4 Rc5 25. a4 Bc8 26. Ra1 c3 27. a5 Nd7 28. a6 c2 29.
Rc1 Nf6 30. Bd3 Kg7 31. Rb2 Rc3 32. Qd2 Nxd5 33. Bxc2 Rc5 34. exd5 Bxa6 35. Rbb1
Qxh4 36. Bb3 Rxc1+ 37. Rxc1 Bb5 38. Qc3 Qf4 39. Re1 h4 40. Ne4 Kh6 41. g3 hxg3
42. fxg3 Qg4 43. Nxd6 Rxe1+ 44. Qxe1 Qf3 45. Nxb5 Qxb3 46. Qd2+ Kg7 47. Nc3 Kf8
48. Kg2 a5 49. Ne4 Qb4 50. Qh6+ Ke8 51. Qh8+ Kd7 52. Qe5 f5 53. Nc3 a4 54. Qe6+
Kd8 55. Qf6+ Kd7 56. Qc6+ Ke7 57. d6+ Qxd6 58. Nd5+ Ke6 59. Nf4+ Ke7 60. Nxg6+
Ke6 61. Nf4+ Ke7 62. Qxa4 Qc5 63. Qb4 1-0

[Event "45th Olympiad 2024"]
[Site "Budapest HUN"]
[Date "2024.09.16"]
[Round "6.14"]
[Board "2"]
[White "Sargsyan, Shant"]
[Black "Quizon, Daniel"]
[Result "1-0"]
[WhiteTitle "GM"]
[BlackTitle "IM"]
[WhiteElo "2649"]
[BlackElo "2490"]
[WhiteTeam "Armenia"]
[BlackTeam "Philippines"]
[WhiteFideId "13306766"]
[BlackFideId "5217911"]
[EventDate "2024.09.11"]

1. d4 Nf6 2. c4 g6 3. Nc3 Bg7 4. e4 d6 5. Be2 c5 6. Nf3 cxd4 7. Nxd4 O-O 8. O-O
Nc6 9. Be3 Bd7 10. Nc2 Rc8 11. Qd2 a6 12. Rad1 Ne5 13. c5 Bc6 14. f3 dxc5 15.
Bxc5 Qxd2 16. Rxd2 Bh6 17. Be3 Bxe3+ 18. Nxe3 g5 19. Nf5 Rc7 20. h4 gxh4 21.
Nxh4 Ng6 22. Nf5 e6 23. Ne3 h5 24. g3 Kg7 25. Kf2 Rh8 26. Rh1 Rcc8 27. Nc4 b5
28. Nd6 Rc7 29. Rc1 Bxe4 30. Ndxe4 Nxe4+ 31. fxe4 b4 32. Bxa6 Ra8 33. Rd6 Rca7
34. Bc4 bxc3 35. Rxc3 Ne5 36. Bb3 Kf6 37. Rd2 Rb7 38. Ke3 Ra5 39. Rdc2 Ng4+ 40.
Kf3 Ne5+ 41. Ke3 Ng4+ 42. Kd2 Rd7+ 43. Kc1 Ne5 44. Rd2 Rb7 45. a3 Ng6 46. Bd1 h4
47. gxh4 Nxh4 48. b4 Ra8 49. Kb2 Ng6 50. Rc5 Rab8 51. Bh5 Nf4 52. Bf3 Ra7 53.
e5+ Ke7 54. Rd4 Ng6 55. Bh5 Nh8 56. b5 f6 57. exf6+ Kxf6 58. a4 e5 59. Re4 Re7
60. Kb3 Kf5 61. Re1 Kf4 62. a5 e4 63. Rf1+ Ke3 64. b6 Kd4 65. Kb4 e3 66. Rf4+
Kd3 67. Rd5+ Kc2 68. Rc4+ Kb2 69. Rdc5 1-0

[Event "45th Olympiad 2024"]
[Site "Budapest HUN"]
[Date "2024.09.16"]
[Round "6.14"]
[Board "3"]
[White "Bersamina, Paulo"]
[Black "Sargissian, Gabriel"]
[Result "1/2-1/2"]
[WhiteTitle "IM"]
[BlackTitle "GM"]
[WhiteElo "2425"]
[BlackElo "2646"]
[WhiteTeam "Philippines"]
[BlackTeam "Armenia"]
[WhiteFideId "5206995"]
[BlackFideId "13300881"]
[EventDate "2024.09.11"]

1. e4 e5 2. Nf3 Nc6 3. d4 exd4 4. Bc4 Nf6 5. e5 d5 6. Bb5 Ne4 7. Nxd4 Bc5 8. Be3
O-O 9. Nxc6 bxc6 10. Bxc5 Nxc5 11. Bxc6 Rb8 12. Qxd5 Qe7 13. O-O Rxb2 14. Qd4
Rxc2 15. Nc3 Ne6 16. Qd3 Rb2 17. Qe3 Qc5 18. Qxc5 Nxc5 19. Rab1 Rc2 20. Nd5 Be6
21. Rfd1 g6 22. a3 Kh8 23. Nb4 Rc3 24. Rbc1 Rxc1 25. Rxc1 Rd8 26. Bf3 Nb3 27.
Rxc7 Nd4 28. h4 a5 29. Na6 Nxf3+ 30. gxf3 Rd5 31. Rc5 Rd3 32. Rxa5 Rxf3 33. Nc7
Bd7 34. Ra6 Kg7 35. Rd6 Ba4 36. e6 Rc3 37. Nd5 Rc1+ 38. Kh2 fxe6 39. Rxe6 Bb3
40. Re7+ Kf8 41. Rc7 Rf1 42. Kg2 Ra1 43. Nf6 Rxa3 44. Nxh7+ Kg8 45. Nf6+ Kf8 46.
Rc3 Kg7 47. Ne4 Ra4 48. Rc7+ Kf8 49. Nc5 Rb4 50. Kg3 Kg8 51. Nd3 Rb5 52. Rc5
Rxc5 53. Nxc5 Bc2 54. Kf4 Kg7 55. Kg5 Bb1 56. Ne6+ Kf7 57. Nd4 Kg7 58. Nc6 Be4
59. Ne5 Bb1 60. Ng4 Bc2 61. Kf4 Bd1 62. Ne3 Be2 63. Kg5 Bd3 64. Ng2 Be4 65. Nf4
Bb1 66. Ne2 Bd3 67. Ng3 Bb1 68. Nf1 Bd3 69. Nd2 Bc2 70. Nc4 Bd3 71. Ne5 Bb1 72.
Ng4 Bc2 73. Kf4 Bd1 74. Kg3 Bc2 75. Kf3 Bd1+ 76. Kf4 Be2 77. Kg5 Bd3 78. Nf6 Bb1
79. Ne8+ Kf7 80. Nc7 Kg7 81. Na6 Bd3 82. Nb4 Bb1 83. f3 Kh7 84. Nd5 Kg7 85. Nf4
Bc2 86. Ng2 Bb1 87. Ne1 Ba2 88. Nd3 Bb1 89. Nc5 Bc2 90. Ne6+ Kf7 91. Nd4 Bb1 92.
Kf4 Kf6 93. Ne2 Bc2 94. Ng3 Bd1 95. Nh1 g5+ 96. hxg5+ Kg6 97. Ng3 Bxf3 98. Nf5
Bd1 99. Nh4+ Kg7 100. Nf5+ Kg6 101. Nh4+ Kg7 102. Nf5+ 1/2-1/2

[Event "45th Olympiad 2024"]
[Site "Budapest HUN"]
[Date "2024.09.16"]
[Round "6.15"]
[Board "1"]
[White "Bjerre, Jonas Buhl"]
[Black "Navara, David"]
[Result "1/2-1/2"]
[WhiteTitle "GM"]
[BlackTitle "GM"]
[WhiteElo "2648"]
[BlackElo "2681"]
[WhiteTeam "Denmark"]
[BlackTeam "Czech Republic"]
[WhiteFideId "1444948"]
[BlackFideId "309095"]
[EventDate "2024.09.11"]

1. e4 e5 2. Nf3 Nc6 3. Bb5 Nf6 4. d3 Bc5 5. Bxc6 dxc6 6. O-O Nd7 7. c3 O-O 8. d4
Bd6 9. Bg5 Qe8 10. Re1 a5 11. Bh4 f6 12. Nbd2 Qf7 13. Bg3 Re8 14. b3 Nb6 15. Qc2
c5 16. dxe5 fxe5 17. Nf1 Bg4 18. Nh4 c4 19. Nf5 cxb3 20. axb3 Bxf5 21. exf5 Nd5
22. Nd2 Ne7 23. Bxe5 Qxf5 24. Qxf5 Nxf5 25. Nc4 b5 26. Nxd6 cxd6 27. Bf4 Rxe1+
28. Rxe1 a4 29. bxa4 bxa4 30. g4 Nh4 31. Ra1 d5 32. Kf1 Kf7 33. Ke2 Ng6 34. Bg3
Nf8 35. Kd3 Ne6 36. Ra3 Rc8 37. Bd6 Rc4 38. f3 Nf4+ 39. Kc2 Ng2 40. Kd3 Nf4+ 41.
Kc2 Ng2 42. Kd3 Nf4+ 1/2-1/2

[Event "45th Olympiad 2024"]
[Site "Budapest HUN"]
[Date "2024.09.16"]
[Round "6.15"]
[Board "4"]
[White "Krejci, Jan2"]
[Black "Olsen, Filip Boe"]
[Result "0-1"]
[WhiteTitle "GM"]
[BlackTitle "IM"]
[WhiteElo "2556"]
[BlackElo "2441"]
[WhiteTeam "Czech Republic"]
[BlackTeam "Denmark"]
[WhiteFideId "322156"]
[BlackFideId "1440640"]
[EventDate "2024.09.11"]

1. c4 e6 2. Nc3 d5 3. d4 Nf6 4. cxd5 exd5 5. Bg5 Be7 6. e3 h6 7. Bh4 Bg4 8. Nf3
Nbd7 9. h3 Bf5 10. Bd3 Bxd3 11. Qxd3 c6 12. O-O O-O 13. Bxf6 Nxf6 14. Ne5 Bd6
15. f4 Re8 16. g4 Nd7 17. Rf2 Qe7 18. Re1 Rad8 19. Nf3 Nf6 20. g5 Ne4 21. Rg2
hxg5 22. Nxg5 Nxg5 23. fxg5 Qe6 24. e4 Qg6 25. Qf3 Bb4 26. e5 c5 27. Rf1 Bxc3
28. bxc3 Re7 29. h4 Qe4 30. Qf2 Qg6 31. Qe2 Qe4 32. Qf2 Qg6 33. Qe2 Qe4 34. Qd2
Qxh4 35. Rf4 Qh5 36. Qe1 cxd4 37. Rh4 Rxe5 38. Qf2 Qd1+ 39. Kh2 Re1 40. Rxd4
Rh1+ 41. Kg3 Qc1 42. Qd2 Rc8 43. Qxc1 Rxc1 44. Rxd5 R1xc3+ 45. Kf4 R8c4+ 46. Ke5
Rc5 47. Rxc5 Rxc5+ 48. Kd6 Ra5 49. Ke7 b6 50. Kd6 Kh7 0-1

[Event "45th Olympiad 2024"]
[Site "Budapest HUN"]
[Date "2024.09.16"]
[Round "6.16"]
[Board "1"]
[White "Rodrigue-Lemieux, Shawn"]
[Black "Yilmaz, Mustafa"]
[Result "1-0"]
[WhiteTitle "GM"]
[BlackTitle "GM"]
[WhiteElo "2509"]
[BlackElo "2587"]
[WhiteTeam "Canada"]
[BlackTeam "Turkiye"]
[WhiteFideId "2620049"]
[BlackFideId "6302718"]
[EventDate "2024.09.11"]

1. e4 c5 2. Nf3 d6 3. d4 cxd4 4. Nxd4 Nf6 5. Nc3 a6 6. Bd3 e5 7. Nde2 Be7 8. O-O
O-O 9. Ng3 Bg4 10. Be2 Be6 11. Nd5 Nxd5 12. exd5 Bc8 13. a4 f5 14. a5 Nd7 15. c4
e4 16. b4 Bf6 17. Ra3 Be5 18. f4 exf3 19. Raxf3 g6 20. Bh6 Rf7 21. Qd2 Nf6 22.
Bf4 Bxf4 23. Qxf4 b6 24. Qg5 Kf8 25. Bd3 bxa5 26. Bxf5 Bxf5 27. Nxf5 Ne4 28.
Qxd8+ Rxd8 29. Nd4 Rd7 30. c5 Nd2 31. Rxf7+ Rxf7 32. Rc1 Ke8 33. c6 Kd8 34. b5
axb5 35. Nxb5 Rf8 36. Nxd6 Kc7 37. Nb5+ Kb6 38. c7 Kxb5 39. d6 Nb3 40. c8=Q 1-0

[Event "45th Olympiad 2024"]
[Site "Budapest HUN"]
[Date "2024.09.16"]
[Round "6.16"]
[Board "4"]
[White "Can, Emre"]
[Black "Noritsyn, Nikolay"]
[Result "1-0"]
[WhiteTitle "GM"]
[BlackTitle "IM"]
[WhiteElo "2547"]
[BlackElo "2451"]
[WhiteTeam "Turkiye"]
[BlackTeam "Canada"]
[WhiteFideId "6302181"]
[BlackFideId "2604922"]
[EventDate "2024.09.11"]

1. e4 e6 2. d4 d5 3. e5 c5 4. c3 Nc6 5. Nf3 Bd7 6. Be2 Nge7 7. O-O Nf5 8. dxc5
a5 9. Bd3 Bxc5 10. a4 h6 11. Nbd2 Ba7 12. Nb3 Nh4 13. Bf4 O-O 14. Nxh4 Qxh4 15.
Bg3 Qg5 16. Kh1 f5 17. f4 Qd8 18. Bf2 Bxf2 19. Rxf2 Qb6 20. Rd2 g5 21. Qh5 Rf7
22. Bb5 gxf4 23. Re1 Kg7 24. Nc1 Be8 25. Nd3 Kh7 26. Nxf4 Rg7 27. Qe2 Bf7 28.
Rd3 Na7 29. Rh3 Nxb5 30. axb5 Rag8 31. b3 Rg5 32. Rd1 Rg4 33. Qd2 R8g5 34. c4
dxc4 35. bxc4 Qc7 36. Qd4 b6 37. Rf3 Rg7 38. h3 R4g5 39. Rc3 Qb7 40. Rd2 Bg8 41.
Kh2 Rc7 42. Qe3 Rc5 43. Rd6 a4 44. Qd4 Rg7 45. Ra3 Bf7 46. Rxa4 Qe4 47. Qxe4
fxe4 48. Nxe6 Bxe6 49. Rxe6 Rgc7 50. Kg3 Rf7 51. Rf6 Rg7+ 52. Kf4 Rxg2 53. Ra7+
Kg8 54. Rc6 Rf2+ 55. Ke3 1-0

[Event "45th Olympiad 2024"]
[Site "Budapest HUN"]
[Date "2024.09.16"]
[Round "6.17"]
[Board "1"]
[White "Haring, Filip"]
[Black "Theodorou, Nikolas"]
[Result "1/2-1/2"]
[WhiteTitle "IM"]
[BlackTitle "GM"]
[WhiteElo "2503"]
[BlackElo "2619"]
[WhiteTeam "Slovakia"]
[BlackTeam "Greece"]
[WhiteFideId "14933080"]
[BlackFideId "4262875"]
[EventDate "2024.09.11"]

1. e4 e5 2. Nf3 Nf6 3. Nxe5 d6 4. Nf3 Nxe4 5. Nc3 Nf6 6. d4 Be7 7. Bd3 O-O 8. h3
d5 9. O-O c5 10. dxc5 Bxc5 11. Ne2 Nc6 12. c3 Ne4 13. Bc2 Re8 14. Ned4 Nxd4 15.
Nxd4 Qb6 16. Bb3 Qg6 17. Bxd5 Bxh3 18. Qf3 Bd7 19. Bf4 Bg4 20. Qd3 Rad8 21. Bxb7
Re7 22. Bxe4 Rxe4 23. Qg3 Qf6 24. Bc7 Rde8 25. f3 Rxd4 26. cxd4 Bxd4+ 27. Kh1
Be6 28. Qf4 Rc8 29. Qxf6 Bxf6 30. Rac1 Bxb2 31. Rb1 Bf6 32. Rb8 Rxb8 33. Bxb8
Bxa2 34. Bxa7 h5 35. Rd1 Be6 36. Bd4 Bxd4 37. Rxd4 g5 38. g3 Kg7 39. Kg2 Kf6 40.
Kf2 Kg6 41. Ra4 Bd7 42. Ra7 Be6 43. Ra4 Bd7 44. Rb4 Be6 45. Ke3 Bh3 46. Rb8 Kg7
47. Rb5 Kg6 48. f4 f6 49. fxg5 fxg5 50. Rb6+ Kg7 51. Ra6 Kh7 52. Ra2 Kg6 53. Rh2
Bf5 54. Kd4 h4 55. gxh4 gxh4 56. Rxh4 Kg5 57. Rh2 Kf6 58. Rf2 Ke6 59. Ra2 Kf6
60. Ra6+ Kg7 61. Ke5 Bd3 62. Rd6 Bc2 63. Rf6 Bd3 64. Ke6 Bc2 65. Ke7 Bd3 66. Rf3
Bc2 67. Rg3+ Kh8 68. Kf6 Be4 69. Rh3+ Kg8 70. Re3 Bc2 71. Rg3+ Kh8 72. Kf7 Be4
73. Rh3+ Bh7 74. Rh6 1/2-1/2

[Event "45th Olympiad 2024"]
[Site "Budapest HUN"]
[Date "2024.09.16"]
[Round "6.17"]
[Board "3"]
[White "Druska, Juraj"]
[Black "Papaioannou, Ioannis"]
[Result "0-1"]
[WhiteTitle "IM"]
[BlackTitle "GM"]
[WhiteElo "2441"]
[BlackElo "2615"]
[WhiteTeam "Slovakia"]
[BlackTeam "Greece"]
[WhiteFideId "14915650"]
[BlackFideId "4201345"]
[EventDate "2024.09.11"]

1. e4 c5 2. Nf3 d6 3. d4 cxd4 4. Nxd4 Nf6 5. Nc3 a6 6. Be2 e5 7. Nf3 Be7 8. Bg5
Nbd7 9. a4 h6 10. Bxf6 Nxf6 11. Bc4 Be6 12. Qd3 Rc8 13. Nd2 O-O 14. O-O Qc7 15.
Bb3 Qc5 16. Rfd1 Bd8 17. a5 Bg4 18. Rdb1 Bxa5 19. Bxf7+ Rxf7 20. Nb3 Qb6 21.
Nxa5 Be6 22. h3 Nh5 23. Qe3 Qxe3 24. fxe3 Nf6 25. Rd1 Rd7 26. Nb3 Bf7 27. Rd3
Bg6 28. Nd2 Rc6 29. Ra4 b5 30. Rb4 Kf8 31. Kf2 Ke7 32. Ke1 Rc5 33. Kd1 Rdc7 34.
g4 Be8 35. Rb3 a5 36. Ne2 b4 37. c3 Ba4 38. cxb4 axb4 39. Ke1 Bb5 40. Ng3 g6 0-1

[Event "45th Olympiad 2024"]
[Site "Budapest HUN"]
[Date "2024.09.16"]
[Round "6.17"]
[Board "4"]
[White "Kelires, Andreas"]
[Black "Kostolansky, Sebastian Lukas"]
[Result "1-0"]
[WhiteTitle "GM"]
[BlackTitle "IM"]
[WhiteElo "2536"]
[BlackElo "2405"]
[WhiteTeam "Greece"]
[BlackTeam "Slovakia"]
[WhiteFideId "5900727"]
[BlackFideId "14950596"]
[EventDate "2024.09.11"]

1. d4 Nf6 2. c4 e6 3. Nf3 d5 4. g3 Be7 5. Bg2 O-O 6. Nc3 dxc4 7. Ne5 Nc6 8. Bxc6
bxc6 9. Nxc6 Qe8 10. Nxe7+ Qxe7 11. Qa4 c5 12. dxc5 Qxc5 13. Be3 Qc7 14. f3 e5
15. O-O-O Bb7 16. Qa3 e4 17. f4 Ng4 18. Bc5 Rfc8 19. h3 Nf6 20. Be3 Rd8 21.
Rxd8+ Rxd8 22. Qxa7 Nd5 23. Rd1 Nxc3 24. Rxd8+ Qxd8 25. bxc3 Bc6 26. Bd4 Qe8 27.
g4 h6 28. h4 Ba4 29. Kd2 Bd7 30. f5 h5 31. gxh5 Bxf5 32. Ke3 f6 33. h6 gxh6 34.
Qa6 Be6 35. Qd6 Kf7 36. Qf4 f5 37. Qxh6 Ke7 38. Qg5+ Kd7 39. h5 Qb8 40. Qg7+ Kc6
41. Qe5 Qg8 42. Kf2 Bd5 43. h6 e3+ 44. Bxe3 Qg2+ 45. Ke1 Be4 46. Qf6+ Kd5 47.
Qd4+ Ke6 48. Qxc4+ Bd5 49. Qc8+ Ke5 50. Qc7+ Ke6 51. h7 Qh1+ 52. Kd2 Bb7 53.
Qc4+ 1-0

[Event "45th Olympiad 2024"]
[Site "Budapest HUN"]
[Date "2024.09.16"]
[Round "6.18"]
[Board "1"]
[White "Keymer, Vincent"]
[Black "Gascon Del Nogal, Jose Rafael"]
[Result "1-0"]
[WhiteTitle "GM"]
[BlackTitle "GM"]
[WhiteElo "2730"]
[BlackElo "2454"]
[WhiteTeam "Germany"]
[BlackTeam "Venezuela"]
[WhiteFideId "12940690"]
[BlackFideId "3902463"]
[EventDate "2024.09.11"]

1. c4 e6 2. Nc3 d5 3. d4 h6 4. cxd5 exd5 5. Bf4 c6 6. e3 Bf5 7. Nge2 Nd7 8. h4
Qb6 9. Qd2 Ngf6 10. f3 h5 11. Ng3 Bg6 12. O-O-O Bb4 13. Bd3 O-O 14. Bxg6 fxg6
15. Nge2 Rfe8 16. Qd3 Nf8 17. a3 Be7 18. Bg5 Qb3 19. Nf4 Rac8 20. Rd2 Kf7 21. e4
c5 22. Ncxd5 Qa2 23. Nxe7 cxd4+ 24. Nxc8 Rxc8+ 25. Rc2 Qa1+ 26. Kd2 Rxc2+ 27.
Kxc2 Qxh1 28. e5 1-0

[Event "45th Olympiad 2024"]
[Site "Budapest HUN"]
[Date "2024.09.16"]
[Round "6.70"]
[White "Ynojosa Aponte, Felix Jose"]
[Black "Kollars, Dmitrij"]
[Result "0-1"]
[WhiteTitle "IM"]
[BlackTitle "GM"]
[WhiteElo "2398"]
[BlackElo "2659"]
[WhiteTeam "Venezuela"]
[BlackTeam "Germany"]
[WhiteFideId "3900258"]
[BlackFideId "12909572"]
[EventDate "2024.09.11"]

1. c4 e5 2. Nc3 Bb4 3. Qc2 Nf6 4. e3 O-O 5. a3 Bxc3 6. Qxc3 Re8 7. Nf3 d5 8.
cxd5 Nxd5 9. Qc2 Nc6 10. Bd3 g6 11. Bb5 Bd7 12. Bc4 Nb6 13. Bd3 Qe7 14. Be4 Nd8
15. b3 f5 16. Bd3 Nf7 17. Bb2 c5 18. h4 h5 19. Ng5 Nxg5 20. hxg5 Qxg5 21. O-O-O
Rac8 22. f4 Qe7 23. g4 c4 24. Bxc4+ Nxc4 25. bxc4 b5 26. gxh5 Rxc4 27. Qxc4+
bxc4 28. Rdg1 c3 29. Bxc3 Ba4 30. Rxg6+ Kh7 0-1

[Event "45th Olympiad 2024"]
[Site "Budapest HUN"]
[Date "2024.09.16"]
[Round "6.18"]
[Board "3"]
[White "Bluebaum, Matthias"]
[Black "Escalona Landi, Samid Eduardo"]
[Result "1-0"]
[WhiteTitle "GM"]
[BlackTitle "FM"]
[WhiteElo "2640"]
[BlackElo "2305"]
[WhiteTeam "Germany"]
[BlackTeam "Venezuela"]
[WhiteFideId "24651516"]
[BlackFideId "3937437"]
[EventDate "2024.09.11"]

1. c4 Nf6 2. Nc3 g6 3. e4 d6 4. d4 Bg7 5. Be2 O-O 6. Nf3 e5 7. d5 Nbd7 8. Be3
Ng4 9. Bg5 f6 10. Bc1 f5 11. Ng5 Nc5 12. b4 Na6 13. Rb1 Nf6 14. O-O Qe7 15. c5
dxc5 16. d6 Qxd6 17. b5 Nb8 18. Bc4+ Kh8 19. Nf7+ Rxf7 20. Bxf7 Qe7 21. Bb3 f4
22. Nd5 Qd6 23. Nxf6 Bxf6 24. Qc2 Nd7 25. Rd1 Qf8 26. Bb2 a6 27. a4 a5 28. Rd3
Kg7 29. Rbd1 Qe7 30. Qd2 Nf8 31. Bd5 Ne6 32. Bxb7 Bxb7 33. Rd7 Nd4 34. Rxe7+
Bxe7 35. Qd3 Bd6 36. f3 Ne6 37. Qc4 Kf6 38. Bc3 h5 39. h4 Nd4 40. Kh2 Ke7 41.
Bb2 Rf8 42. Ba3 Ne6 43. Rd5 Bxd5 44. exd5 Nd4 45. Bxc5 Rf5 46. b6 cxb6 47. Bxb6
Rf8 48. Bxa5 Nf5 49. Bb4 Bxb4 50. Qxb4+ Nd6 51. Qc3 Nf7 52. Qc7+ Kf6 53. a5 Rd8
54. a6 1-0

[Event "45th Olympiad 2024"]
[Site "Budapest HUN"]
[Date "2024.09.16"]
[Round "6.18"]
[Board "4"]
[White "Castro Torres, Jose Luis"]
[Black "Donchenko, Alexander"]
[Result "0-1"]
[WhiteTitle "FM"]
[BlackTitle "GM"]
[WhiteElo "2299"]
[BlackElo "2638"]
[WhiteTeam "Venezuela"]
[BlackTeam "Germany"]
[WhiteFideId "3901831"]
[BlackFideId "24603295"]
[EventDate "2024.09.11"]

1. e4 c6 2. d4 d5 3. Nc3 dxe4 4. Nxe4 Bf5 5. Ng3 Bg6 6. Nf3 Nd7 7. h4 h6 8. h5
Bh7 9. Bd3 Bxd3 10. Qxd3 e6 11. Bf4 Qa5+ 12. Bd2 Bb4 13. c3 Be7 14. c4 Qc7 15.
Ne4 Ngf6 16. O-O-O b5 17. Nxf6+ Nxf6 18. Kb1 bxc4 19. Qxc4 O-O 20. Rc1 Rfc8 21.
g4 Ne4 22. Be3 Qb7 23. g5 hxg5 24. h6 Bf6 25. Ne5 g6 26. Nxg6 c5 27. h7+ Kg7 28.
h8=Q+ Rxh8 29. Nxh8 cxd4 30. Qc7 Nc3+ 31. Rxc3 Qxh1+ 32. Rc1 Qe4+ 33. Ka1 Rxh8
34. Bd2 Rh1 35. a4 Rxc1+ 36. Qxc1 d3 37. a5 Kg6 38. Qc8 Qa4+ 39. Kb1 Qd1+ 40.
Qc1 Qb3 41. Be3 a6 42. Qd2 g4 43. Bf4 Bd4 44. Bg3 e5 45. Bh4 f6 46. Kc1 e4 47.
Kb1 Kh5 48. Bg3 f5 49. Qc1 Qc2+ 50. Qxc2 dxc2+ 51. Kxc2 Kg5 52. Bc7 Bxf2 53. Kd2
g3 54. Ke2 f4 0-1

[Event "45th Olympiad 2024"]
[Site "Budapest HUN"]
[Date "2024.09.16"]
[Round "6.19"]
[Board "1"]
[White "Cheparinov, Ivan"]
[Black "Amartuvshin, Ganzorig"]
[Result "1-0"]
[WhiteTitle "GM"]
[BlackTitle "IM"]
[WhiteElo "2628"]
[BlackElo "2402"]
[WhiteTeam "Bulgaria"]
[BlackTeam "Mongolia"]
[WhiteFideId "2905540"]
[BlackFideId "4902548"]
[EventDate "2024.09.11"]

1. e4 e5 2. Bc4 Nc6 3. Nf3 Bc5 4. d3 Nf6 5. c3 a6 6. O-O Ba7 7. a4 O-O 8. Re1 d6
9. h3 h6 10. Nbd2 Re8 11. b4 Be6 12. Bxe6 Rxe6 13. Qc2 b5 14. Nf1 d5 15. Ng3 Qd7
16. axb5 axb5 17. Be3 dxe4 18. dxe4 Ree8 19. Qe2 Bxe3 20. Qxe3 Rxa1 21. Rxa1 Nb8
22. Nh4 Kh7 23. Nhf5 Re6 24. Nxg7 Ng4 25. Nxe6 1-0

[Event "45th Olympiad 2024"]
[Site "Budapest HUN"]
[Date "2024.09.16"]
[Round "6.19"]
[Board "3"]
[White "Petrov, Martin"]
[Black "Baasansuren, Erdene"]
[Result "1-0"]
[WhiteTitle "GM"]
[BlackTitle "FM"]
[WhiteElo "2536"]
[BlackElo "2368"]
[WhiteTeam "Bulgaria"]
[BlackTeam "Mongolia"]
[WhiteFideId "2911086"]
[BlackFideId "4902084"]
[EventDate "2024.09.11"]

1. e4 c5 2. Nf3 d6 3. d4 cxd4 4. Nxd4 Nf6 5. Nc3 a6 6. Be2 e5 7. Nb3 Be7 8. O-O
O-O 9. Qd3 Be6 10. Bd2 Nbd7 11. Nd5 Bxd5 12. exd5 a5 13. a4 Qc7 14. c4 Nc5 15.
Nxc5 Qxc5 16. Ra3 Qc7 17. Qh3 Qc8 18. Qd3 Qc7 19. Kh1 Nd7 20. Qh3 Nc5 21. Bd3 e4
22. Bc2 f5 23. g4 Qb6 24. Bc3 fxg4 25. Qxg4 Bf6 26. Rg1 Bxc3 27. Rxc3 Rf7 28. b3
Re8 29. Rh3 Nd7 30. Bxe4 Nf6 31. Bxh7+ Nxh7 32. Qh5 g5 33. Rxg5+ Kf8 34. Qh6+
Ke7 35. Re5+ Kd7 36. Rxe8 Kxe8 37. Qe6+ Kf8 38. Qc8+ Ke7 39. Qe6+ Kf8 40. Qc8+
Ke7 41. Re3+ Kf6 42. Rf3+ Kg7 43. Rg3+ Kf6 44. Qe6# 1-0

[Event "45th Olympiad 2024"]
[Site "Budapest HUN"]
[Date "2024.09.16"]
[Round "6.19"]
[Board "4"]
[White "Munkhdalai, Amilal"]
[Black "Grigorov, Grigor"]
[Result "1/2-1/2"]
[WhiteTitle "IM"]
[BlackTitle "GM"]
[WhiteElo "2374"]
[BlackElo "2514"]
[WhiteTeam "Mongolia"]
[BlackTeam "Bulgaria"]
[WhiteFideId "4903250"]
[BlackFideId "2907313"]
[EventDate "2024.09.11"]

1. e4 e5 2. Nf3 Nc6 3. Bb5 a6 4. Ba4 Nge7 5. d4 exd4 6. Nxd4 Nxd4 7. Qxd4 Nc6 8.
Bxc6 dxc6 9. Qxd8+ Kxd8 10. Nc3 Be6 11. Bg5+ f6 12. O-O-O+ Kc8 13. Bd2 Bc5 14.
f3 a5 15. b3 b6 16. Ne2 Re8 17. Bc3 Bd6 18. Nd4 Bd7 19. g4 c5 20. Nf5 Bf8 21.
Kb1 a4 22. h4 axb3 23. axb3 c4 24. bxc4 Bxf5 25. exf5 Ra4 26. Rhe1 Rxe1 27. Rxe1
Bb4 28. Bxb4 Rxb4+ 29. Kc1 Kd7 30. Re4 Ra4 31. Kb2 Rb4+ 32. Ka2 Ra4+ 33. Kb3 Ra1
34. Rd4+ Kc6 35. h5 Rf1 36. Rd3 h6 37. Kb2 Re1 1/2-1/2